000 00516pab a2200181 454500
008 180718b2009 xxu||||| |||| 00| 0 eng d
100 _aTakeuchi, Yukiko
245 _aGender dimensions in risk communication: a perspective from a sediment disaster in Hiroshima, Japan
260 _c2009
300 _ap.63-75.
362 _aSep
650 _aDisaster prevention - Japan
650 _aDisaster prevention
700 _aShaw, Rajib
773 _aRegional Development Dialogue
908 _aN
909 _a84655
999 _c84655
_d84655